NFL Week 17 Fantasy Leaders 2024-2025 - Statistics

General Stats
  • This quiz has been taken 104 times
  • The average score is 8 of 20
Answer Stats
Position Points Player % Correct
QB 29.4 Lamar Jackson
73%
QB 25.8 Jared Goff
70%
QB 37 Joe Burrow
70%
WR 40.1 Tee Higgins
59%
RB 26.3 Jahmyr Gibbs
54%
QB 26 Patrick Mahomes
54%
WR 30 DeVonta Smith
53%
QB 32.8 Jayden Daniels
53%
QB 34.6 Baker Mayfield
43%
QB 32.3 Brock Purdy
41%
WR 29.7 Mike Evans
39%
WR 36.1 Malik Nabers
33%
TE 30.3 Trey McBride
33%
QB 34.4 Drew Lock
24%
WR 29.4 Ladd McConkey
24%
RB 27.6 Jonathan Taylor
20%
WR 30.2 Marvin Mims
17%
WR 28.7 Ricky Pearsall
13%
WR 28 Adam Thielen
11%
WR 25.9 Michael Pittman
11%
No matching quizzes found
Score Distribution
Percent of People with Each Score
Percentile by Number Answered
Your Score History
You have not taken this quiz